| 000 | 01280nam a22002897a 4500 | ||
|---|---|---|---|
| 999 |
_c29405 _d29376 |
||
| 003 | EG-ScBUE | ||
| 005 | 20210914124914.0 | ||
| 008 | 210914s2010 ua f b 000 0 ara d | ||
| 040 |
_aEG-ScBUE _bara _erda _cEG-ScBUE _dEG-ScBUE |
||
| 043 | _ama----- | ||
| 082 | 0 | 4 |
_a338.9250956 _bل ط ف _222 |
| 100 | 1 |
_aلطفي، علي، _eمؤلف. |
|
| 245 | 1 | 0 |
_aبرامج الخصخصة في الوطن العربي : _bدراسة تحليلية / _cد. علي لطفي، رئيس الوزراء الأسبق، جمهورية مصر العربية. |
| 264 | 1 |
_aالقاهرة : _bمنشورات المنظمة العربية للتنمية الإدارية، _c2010. |
|
| 300 |
_aأ-د، 366 صفحة ؛ _c24 سم. |
||
| 336 |
_2rdacontent _aنص _btxt |
||
| 337 |
_2rdamedia _aبدون وسيط _bn |
||
| 338 |
_2rdacarrier _aمجلد _bnc |
||
| 490 | 0 |
_aالمنظمة العربية للتنمية الإدارية. _aبحوث ودراسات ؛ _v473 |
|
| 504 | _aيشتمل على إجاعات ببليوجرافية. | ||
| 541 | _cإهداء. | ||
| 650 | 7 |
_aالخصخصة _zالدول العربية. _2BUEsh |
|
| 651 | 7 |
_aالدول العربية _xأحوال اقتصادية. _2BUEsh |
|
| 653 |
_bBUSECO _cSeptember2021 |
||
| 655 |
_vReading book _934232 |
||
| 942 | _2ddc | ||